00314nam a2200085Ia 4500008004100000100003700041245010000078260004200178300000800220201217s9999 xx 000 0 und d aRaza, Moonis and Aggarwal, Yash 0aTransport Geography of India : Commodity flows and the regional structure of the Indian economy aNew DelhibConcept Publishing Company a299